000 00547nam a2200193Ia 4500
005 20250923144741.0
008 008 250917s9999 xx 000 0 eng d
037 _aTextual
040 _aDSWL
_beng
_cDSWL
041 _aeng
_2eng
084 _aX:9J5.261.N53g, J5
_qDSWL
245 0 _aTea districts emigrant labour manual
260 _aDelhi
_b Govt. Of India Manager of Publication
_c1955
300 _a91p.
365 _aINR
_b0.75
925 _g0.75
942 _cTEXL
_hX:9J5.261.N53g, J5
999 _c1442894
_d1442894